boygenius - $20 (Lyrics) - Statistics

General Stats
  • This quiz has been taken 193 times
  • The average score is 130 of 181
Answer Stats
Answer % Correct
I
100%
a
97%
it
96%
you
96%
an
93%
It's
93%
in
93%
In
93%
It's
93%
the
90%
bad
89%
I'm
89%
all
88%
and
88%
idea
88%
on
88%
be
86%
to
85%
To
85%
about
84%
life,
84%
we
83%
your
82%
have
81%
were
81%
where
81%
another
80%
I'll
79%
When
79%
arsonists
77%
from
77%
house
77%
me
77%
up,
77%
up
77%
drive
76%
of
76%
Run
75%
front
75%
gone
75%
run
75%
fire
73%
wake
73%
again
72%
Give
72%
out
71%
don't
70%
How
70%
Motorcycle
69%
So
69%
time,
69%
with
69%
But
68%
fun
68%
play
68%
Reno
68%
all-night
67%
finally
66%
one
66%
should
66%
chance
65%
Chevy
65%
cinder
65%
graveyard
65%
blocks?
64%
die
64%
hills
64%
many
64%
more
64%
that
64%
been
63%
gas,
63%
Gas,
63%
told
63%
wishes
63%
long's
62%
can,
61%
lawn
61%
shotgun
61%
money
60%
had
57%
Mama
56%
Then
56%
come
55%
Into
54%
flowers
51%
just
51%
doing
50%
what
50%
T-bird
48%
Pushing
47%
You're
47%
making
46%
No matching quizzes found
Score Distribution
Percent of People with Each Score
Percentile by Number Answered
Your Score History
You have not taken this quiz